|
|
|
|
| LEADER |
00740nab a2200181 i 4500 |
| 001 |
acta1908 |
| 005 |
20210420155209.0 |
| 008 |
161015s2009 hu o 0|| fre d |
| 022 |
|
|
|a 0567-8099
|
| 040 |
|
|
|a SZTE Egyetemi Kiadványok Repozitórium
|b hun
|
| 041 |
|
|
|a fre
|
| 100 |
1 |
|
|a Penke Olga
|
| 245 |
1 |
0 |
|a Un périodique hongrois á la fin du XVIIIe siécle á la recherche d'un public varié
|h [elektronikus dokumentum] :
|b le cas de Mindenes Gyűjtemény /
|c Penke Olga
|
| 260 |
|
|
|c 2009
|
| 300 |
|
|
|a 61-68
|
| 490 |
0 |
|
|a Acta Universitatis Szegediensis de Attila József Nominatae : acta romanica
|v 26
|
| 695 |
|
|
|a Sajtótörténet - francia - 18.sz. vége
|
| 856 |
4 |
0 |
|u http://acta.bibl.u-szeged.hu/1908/1/romanica_026_061-068.pdf
|z Dokumentum-elérés
|